| 000 | 00689nam a22001697a 4500 | ||
|---|---|---|---|
| 005 | 20260218152745.0 | ||
| 008 | 260218b |||||||| |||| 00| 0 eng d | ||
| 020 | _a9789387791213 | ||
| 040 | _cVITAP | ||
| 082 |
_223 _a954.821 RAM |
||
| 100 |
_aRamakrishnan, Kamala _917115 |
||
| 245 |
_aIcons of Madras _b: A Selection of The City`s Memorable, go-to Establishments And Institutions of Yesteryear _c/ Kamala Ramakrishnan |
||
| 260 |
_aChennai _bTHG Publishing Pvt Ltd. _c2023 |
||
| 300 | _a150p, ill.: 26cm | ||
| 650 | 0 |
_aCity History & Heritage, Historic Institutions, Iconic Business Establishments, Architecture & Urban Landmarks, Cultural & Social Life etc. _917116 |
|
| 942 |
_2ddc _cREF |
||
| 999 |
_c47290 _d47290 |
||